000 00476nam a22001817i 4500
001 3383
003 OSt
005 20170126082318.0
007 tu
008 161220s1976 xxu||||| |||| 00| 0 d
024 7 _a3382
_2RID
040 _cOSt
084 _a3.6
_2z
100 1 _aLeipold, Helmut
245 0 0 _aWirtschafts- und Gesellschaftssysteme im Vergleich. Grundzüge einer Theorie der Wirtschaftssysteme
260 _aStuttgart :
_bGustav Fischer,
_c1976.
300 _a229 S. ;
_c21cm.
942 _cB
999 _c3333
_d3333